000 00523nam a2200181Ia 4500
005 20250508160722.0
008 008 250505s9999 xx 000 0 eng d
037 _aTextual
040 _aFEDL
_beng
_cFEDL
041 _aeng
_2eng
084 _a370.193, SWI
_qFEDL
100 _aSwift D.F. Ed.
_9769015
245 0 _aBasic readings in the sociology of education
260 _aLondon, UK
_bRoutledge and Kegan Paul
_c1970
300 _a301p.
942 _cTEXL
_h370.193, SWI
999 _c1366215
_d1366215